| 000 | 00425nam a22001457a 4500 | ||
|---|---|---|---|
| 003 | OSt | ||
| 082 |
_a631.3 _bSUR/DE |
||
| 088 | _aT534 | ||
| 100 |
_aSuraja, A.R _95195 |
||
| 245 | _aDevelopment and performance evaluation of a windrower unit for KAU root crop harvester | ||
| 260 |
_aKCAET ,Tavanur _bDepartment of farm machinery and power engineering _c2022 |
||
| 300 | _a138 p | ||
| 700 |
_aJayan( guide) _95196 |
||
| 942 | _cTH | ||
| 999 |
_c17512 _d17512 |
||